00656nam a2200241 a 4500001001300000003000900013005001700022008004100039020001000080082001600090100001400106245001900120260004800139300000900187500003500196505001700231650002600248700001400274902000800288942000700296952009600303999001500399nice12345678IN_TiNIC20260116011429.0050524s1911 laha grs 000 0 49g  ac10000a221.92bFAR aFarrar, F aTaliban-E-Haqq aLahorebPunjab Religious Booksociety c1911 a199p aincludes index and biblioraphy2 abibliography aOld Testament-Persons1 aFarrar, F bSRS cPS 00104070aHMIbHMId2007-06-18g100.00l0o221.92 FARp2195r2007-06-18w2026-01-16yARB c1456d1456